000 00651nam a22002291i 4500
001 14163
003 ES-MaACL
005 20250523062554.0
007 t|
008 900725s1980 sp ||||0| spa j
016 7 _zIND9200340343
020 _a84-85708-06-7
040 _aM-BN
_bspa
_cA2
080 _a860-23"19"
100 1 _aGarcía Calvo, Agustín,
_d1926-2012
_eaut
_9233841
245 1 0 _aTres farsas trágicas y una danza titánica /
_cAgustín García Calvo.
260 _aMadrid :
_bLucina,
_cD.L. 1980.
300 _a119 p. ;
_c19 cm.
852 _aES-MaACL
_jL-21437
_bR.126735
942 _2udc
999 _c14163
_d14163